Dinámica social y programas de comunicación /
Guardado en:
| Autor principal: | |
|---|---|
| Formato: | Texto |
| Etiquetas: |
Agregar Etiqueta
Sin Etiquetas, Sea el primero en etiquetar este registro!
|
MARC
| LEADER | 00000 a a2200000 04500 | ||
|---|---|---|---|
| 001 | 45390 | ||
| 003 | |||
| 040 | |||
| 090 | |a REV0780 (3)1977 | ||
| 100 | |a Cabrera, Roberto | ||
| 245 | |a Dinámica social y programas de comunicación / |c Roberto Cabrera | ||
| 773 | |g número3, II Epoca (Enero - Junio, 1977), páginas 137-195 | ||
| 999 | |c 26938 |d 26938 | ||
